S. B. 102 ethics and diversity readings

Збережено в:
Бібліографічні деталі
Автор: NEHRT, Chad
Формат: Книга
Мова:Англійська
Опубліковано: ProQuest Information and Learning 2004.
Теги: Додати тег
Немає тегів, Будьте першим, хто поставить тег для цього запису!

MARC

LEADER 00000nam a22000007a 4500
008 201221b ||||| |||| 00| 0 eng d
020 |a 0-471-90385-x 
100 |a NEHRT, Chad 
245 |a S. B. 102 ethics and diversity readings  |c Chad Nehrt 
260 |b ProQuest Information and Learning  |c  2004.  |i 653122  |l BJ1725 .N24 
942 |a lcc  |c BK  |e ADEYEYE Y. S.  |f 21/12/2020 
999 |c 547  |d 547